| 000 | 00786nam a2200193 a 4500 | ||
|---|---|---|---|
| 003 | 0 | ||
| 005 | 20250620114208.0 | ||
| 008 | 021127s19uu xx 00 eng d | ||
| 050 |
_aPHS HQ 799.2.P8 _b.B58 2000 |
||
| 100 | _aBitong, Diosa F. | ||
| 245 |
_aA Survey on parent-teenager communication among high school students of Southville International School / _cDiosa F. Bitong. |
||
| 260 |
_aLas PiƱas City, Philippines : _bSouthville International School and Colleges, _c2000. |
||
| 300 |
_a30 pages : _billustrations ; _c28 cm. |
||
| 504 | _aIncludes bibliographical references. | ||
| 650 |
_aParent and teenager _zPhilippines _xCommunication. |
||
| 650 |
_aCommunication in the family _zPhilippines. |
||
| 650 |
_aAdolescents _zPhilippines _xFamily relationships. |
||
| 942 |
_2lcc _cPASS |
||
| 999 |
_c96392 _d96392 |
||